[Event "Angers op 10th"]
[Site "Angers"]
[Date "2015.04.24"]
[Round "2"]
[White "Joyeux, Gerard"]
[Black "Pailhe, Lionel"]
[Result "0-1"]
[WhiteElo "1606"]
[BlackElo "1978"]
[PlyCount "112"]
[EventDate "2015.04.24"]
[EventType "swiss"]
[EventRounds "6"]
[EventCountry "FRA"]
[SourceTitle "CBM 166 Extra"]
[Source "ChessBase"]
[SourceDate "2015.06.18"]
[SourceVersion "1"]
[SourceVersionDate "2015.06.18"]
[SourceQuality "1"]

1. d4 Nf6 2. Nc3 c5 3. d5 d6 4. e4 g6 5. Bg5 Bg7 6. Qd2 a6 7. Bh6 0-0 8. Bxg7 Kxg7 9. h4 h5 10. f3 b5 11. Be2 b4 12. Nd1 e6 13. Ne3 Bb7 14. g4 exd5 15. gxh5 Nxh5 16. Nxd5 Bxd5 17. Qxd5 Ra7 18. 0-0-0 Rd7 19. Bc4 Qf6 20. Qd3 Nc6 21. Bxa6 Ne5 22. Qb3 d5 23. Be2 dxe4 24. Rxd7 Nxd7 25. fxe4 Qf4+ 26. Kb1 Qxe4 27. Qf3 Re8 28. Qxe4 Rxe4 29. Kc1 Ng3 30. Rh2 Ne5 31. Kd2 Nxe2 32. Rxe2 Nc4+ 33. Kc1 Rxh4 34. b3 Rh1 35. bxc4 Rxg1+ 36. Kb2 Rg4 37. Kb3 Rg3+ 38. Kb2 Rc3 39. a4 Ra3 40. Re5 Rxa4 41. Rxc5 f5 42. Kb3 Ra7 43. Kxb4 f4 44. Rg5 Kf6 45. Rg1 g5 46. c5 Kf5 47. c6 f3 48. Kc5 Kf4 49. Kd6 g4 50. c7 Rxc7 51. Kxc7 g3 52. c4 f2 53. Rf1 Kf3 54. Ra1 g2 55. Ra3+ Ke4 56. c5 f1Q 0-1

[Event "Angers op 8th"]
[Site "Angers"]
[Date "2013.05.04"]
[Round "4"]
[White "Gac, Riwal"]
[Black "Pailhe, Lionel"]
[Result "0-1"]
[WhiteElo "1325"]
[BlackElo "1988"]
[PlyCount "84"]
[EventDate "2013.05.03"]
[EventType "swiss"]
[EventRounds "6"]
[EventCountry "FRA"]
[SourceTitle "CBM 154 Extra"]
[Source "ChessBase"]
[SourceDate "2013.06.25"]
[SourceVersion "2"]
[SourceVersionDate "2013.06.25"]
[SourceQuality "1"]

1. e4 c5 2. c3 Nf6 3. e5 Nd5 4. d4 cxd4 5. cxd4 Nc6 6. Nf3 d6 7. exd6 Qxd6 8. Nc3 g6 9. Nxd5 Qxd5 10. Be3 Bg7 11. Be2 0-0 12. 0-0 Rd8 13. Re1 Nxd4 14. Nxd4 Bxd4 15. Bxd4 Qxd4 16. Qxd4 Rxd4 17. Bf3 Be6 18. b3 Rd7 19. Re4 Rad8 20. Ree1 b6 21. Red1 Kg7 22. Rxd7 Rxd7 23. Rd1 Rxd1+ 24. Bxd1 Kf6 25. Kf1 Ke5 26. Ke2 Bg4+ 27. Kd2 Bxd1 28. Kxd1 Kd4 29. Kd2 e5 30. h4 h5 31. g3 f5 32. a3 a5 33. f3 e4 34. f4 e3+ 35. Ke2 b5 36. b4 axb4 37. axb4 Kc4 38. Kxe3 Kxb4 39. Kd2 Ka3 40. Kc2 b4 41. Kc1 Ka2 42. Kc2 b3+ 0-1

[Event "Avoine op 25th"]
[Site "Avoine"]
[Date "2010.07.20"]
[Round "4"]
[White "Pailhe, Lionel"]
[Black "Stephan, Arthur"]
[Result "1-0"]
[WhiteElo "2007"]
[BlackElo "1809"]
[PlyCount "65"]
[EventDate "2010.07.17"]
[EventType "swiss"]
[EventRounds "9"]
[EventCountry "FRA"]
[SourceTitle "EXT 2011"]
[Source "ChessBase"]
[SourceDate "2010.11.26"]
[SourceVersion "1"]
[SourceVersionDate "2010.11.26"]
[SourceQuality "1"]

1. c4 e5 2. g3 Nf6 3. Bg2 Nc6 4. Nc3 Bc5 5. e3 Nb4 6. d3 0-0 7. Nge2 c6 8. a3 Na6 9. b4 Bb6 10. 0-0 d5 11. Bb2 Bg4 12. cxd5 cxd5 13. Na4 Bc7 14. b5 Nb8 15. Rc1 a6 16. b6 Bd6 17. h3 Bh5 18. g4 Bg6 19. Qb3 Nbd7 20. f4 h5 21. g5 Ne8 22. Bxd5 exf4 23. exf4 Qe7 24. Bxb7 Nc5 25. Nxc5 Bxc5+ 26. Rxc5 Qxc5+ 27. Bd4 Qe7 28. Bxa8 Qxe2 29. f5 Qd2 30. fxg6 Qxg5+ 31. Bg2 Nd6 32. gxf7+ Kh8 33. Qb4 1-0

[Event "Angers op 5th"]
[Site "Angers"]
[Date "2010.04.25"]
[Round "5"]
[White "Pailhe, Lionel"]
[Black "Nemety, Laszlo"]
[Result "1-0"]
[WhiteElo "1993"]
[BlackElo "2116"]
[PlyCount "63"]
[EventDate "2010.04.23"]
[EventType "swiss"]
[EventRounds "6"]
[EventCountry "FRA"]
[SourceTitle "EXT 2011"]
[Source "ChessBase"]
[SourceDate "2010.11.26"]
[SourceVersion "1"]
[SourceVersionDate "2010.11.26"]
[SourceQuality "1"]

1. c4 e6 2. Nf3 d5 3. g3 Ne7 4. Bg2 g6 5. cxd5 exd5 6. Qa4+ Nbc6 7. d3 Bg7 8. Nc3 d4 9. Ne4 0-0 10. Bg5 f6 11. Qb3+ Kh8 12. Bd2 Nd5 13. Rc1 Re8 14. h4 h6 15. Rc5 Nb6 16. Qf7 Bf5 17. Rxf5 gxf5 18. Bxh6 Rg8 19. Bxg7+ Rxg7 20. Qh5+ Rh7 21. Qxf5 Nd5 22. h5 Qd7 23. Qxd7 Rxd7 24. Nc5 Re7 25. Nh4 Rae8 26. Ng6+ Kg7 27. Nxe7 Ncxe7 28. Ne6+ Kh6 29. Nxd4 c5 30. Ne6 Nb4 31. Nxc5 b6 32. Ne4 1-0

[Event "Angers op 4th"]
[Site "Angers"]
[Date "2009.04.19"]
[Round "6"]
[White "Ruch, Bernard"]
[Black "Pailhe, Lionel"]
[Result "1-0"]
[WhiteElo "2006"]
[BlackElo "1990"]
[PlyCount "105"]
[EventDate "2009.04.17"]
[EventType "swiss"]
[EventRounds "6"]
[EventCountry "FRA"]
[SourceTitle "CBM 129 Extra"]
[Source "ChessBase"]
[SourceDate "2009.05.05"]
[SourceVersion "2"]
[SourceVersionDate "2009.05.20"]
[SourceQuality "1"]

1. d4 Nf6 2. Bg5 c5 3. Bxf6 gxf6 4. c3 cxd4 5. cxd4 d5 6. e3 Nc6 7. Nc3 e6 8. Nf3 Rg8 9. g3 Bd6 10. a3 Bd7 11. e4 dxe4 12. Nxe4 Be7 13. Bg2 Qb6 14. 0-0 f5 15. Nc5 Bxc5 16. dxc5 Qxc5 17. b4 Qb6 18. Qd3 0-0-0 19. b5 Ne7 20. a4 Ng6 21. Rfb1 Kb8 22. a5 Qc5 23. a6 e5 24. axb7 e4 25. Qd4 Qxd4 26. Nxd4 Kxb7 27. f3 Rge8 28. Bh3 Ne5 29. Bg2 Nd3 30. Ra3 Nc5 31. Bh3 Re5 32. fxe4 fxe4 33. Bxd7 Rxd7 34. Nc6 Red5 35. Rxa7+ Kb6 36. Rxd7 Nxd7 37. Ne7 Rxb5 38. Nc8+ Kc5 39. Rxb5+ Kxb5 40. Nd6+ Kc6 41. Nxe4 Ne5 42. Kg2 h6 43. Nf6 Kd6 44. Ng8 Ng4 45. h3 Ne3+ 46. Kf3 Nf5 47. g4 Nd4+ 48. Ke4 Ne6 49. h4 Ng7 50. Nxh6 Ke6 51. Nf5 Ne8 52. g5 f6 53. g6 1-0

[Event "Angers op 3rd"]
[Site "Angers"]
[Date "2008.04.26"]
[Round "4"]
[White "Le Scraigne, Eric"]
[Black "Pailhe, Lionel"]
[Result "0-1"]
[WhiteElo "1791"]
[BlackElo "2012"]
[PlyCount "66"]
[EventDate "2008.04.25"]
[EventType "swiss"]
[EventRounds "6"]
[EventCountry "FRA"]
[SourceTitle "CBM 123 Extra"]
[Source "ChessBase"]
[SourceDate "2008.05.06"]
[SourceVersion "1"]
[SourceVersionDate "2008.05.06"]
[SourceQuality "1"]

1. d4 Nf6 2. Nf3 g6 3. c4 Bg7 4. Nc3 d5 5. Bg5 Ne4 6. Bf4 Nxc3 7. bxc3 dxc4 8. e4 b5 9. Rb1 a6 10. Be2 0-0 11. 0-0 Nd7 12. Qd2 Nf6 13. e5 Nd5 14. Bg3 c6 15. a4 Qa5 16. Rfc1 Bf5 17. Ra1 Qd8 18. axb5 cxb5 19. Nh4 Bd7 20. Bf3 Bc6 21. Bxd5 Qxd5 22. Nf3 f6 23. exf6 Rxf6 24. Ne1 Re6 25. f3 b4 26. Bf2 b3 27. Rcb1 a5 28. Bg3 a4 29. Qb2 Qa5 30. Ra3 Re3 31. Rc1 Rxc3 32. Bf2 Rxc1 33. Qxc1 Qb4 0-1

[Event "Pau op"]
[Site "Pau"]
[Date "2007.11.??"]
[Round "5"]
[White "Pailhe, Lionel"]
[Black "Lemoine, Benoit"]
[Result "1-0"]
[WhiteElo "2030"]
[BlackElo "2128"]
[PlyCount "79"]
[EventDate "2007.11.??"]
[EventType "swiss"]
[EventRounds "5"]
[EventCountry "FRA"]
[SourceTitle "CBM 121 Extra"]
[Source "ChessBase"]
[SourceDate "2008.01.10"]
[SourceVersion "1"]
[SourceVersionDate "2008.01.10"]
[SourceQuality "1"]

1. e4 c5 2. Nf3 d6 3. d4 cxd4 4. Nxd4 Nf6 5. Nc3 g6 6. g3 Bg7 7. Bg2 0-0 8. 0-0 Bg4 9. Qd3 Qc8 10. Re1 Nbd7 11. h3 Ne5 12. Qf1 Bd7 13. Nd5 Nxd5 14. exd5 Nc4 15. Nc6 bxc6 16. Qxc4 Re8 17. dxc6 Bxh3 18. Bf3 Be6 19. Qa4 d5 20. Bf4 a5 21. Rad1 Ra6 22. c4 d4 23. Qb5 h5 24. c7 Bd7 25. Bb7 Bxb5 26. Bxc8 Bxc4 27. Bxa6 Bxa6 28. Be5 d3 29. Bxg7 Kxg7 30. Re5 Rc8 31. Rxa5 Bb7 32. Rc5 Be4 33. b4 Kf6 34. f3 Bf5 35. b5 Ra8 36. Rd2 Bc8 37. Rxd3 Rxa2 38. Rd8 Ra8 39. b6 Ke6 40. Rxc8 1-0

[Event "Angers op 1st"]
[Site "Angers"]
[Date "2006.05.06"]
[Round "2"]
[White "David, Alexandre"]
[Black "Pailhe, Lionel"]
[Result "0-1"]
[WhiteElo "2157"]
[BlackElo "2016"]
[PlyCount "92"]
[EventDate "2006.05.06"]
[EventType "swiss"]
[EventRounds "6"]
[EventCountry "FRA"]
[SourceTitle "CBM 112 Extra"]
[Source "ChessBase"]
[SourceDate "2006.07.14"]
[SourceVersion "1"]
[SourceVersionDate "2006.07.14"]
[SourceQuality "1"]

1. d4 Nf6 2. Nf3 c5 3. e3 g6 4. dxc5 Qa5+ 5. Nbd2 Qxc5 6. a3 Bg7 7. b4 Qc7 8. Bb2 d6 9. Be2 0-0 10. 0-0 Nbd7 11. c4 b6 12. Nd4 Bb7 13. Nb5 Qb8 14. Qb3 Ne5 15. Nc3 Bc6 16. e4 Bh6 17. f4 Ned7 18. Nd5 Re8 19. Rad1 a5 20. b5 Bxd5 21. cxd5 Nc5 22. Qh3 Bg7 23. e5 Nxd5 24. Nc4 Nc7 25. exd6 exd6 26. Bxg7 Kxg7 27. Qc3+ Kg8 28. Bf3 d5 29. Bxd5 Nxd5 30. Rxd5 Qb7 31. Rfd1 Rab8 32. Ne5 Qc8 33. Qd4 Rb7 34. h3 h5 35. Nc6 Ne6 36. Qf6 Qc7 37. Ne5 Qe7 38. Qxe7 Rexe7 39. Nc6 Re8 40. f5 Nf4 41. Rd8 Rxd8 42. Rxd8+ Kg7 43. fxg6 fxg6 44. Rd6 Ne2+ 45. Kf2 Nc3 46. Nd8 Ne4+ 0-1

[Event "FRA-chT2 0304"]
[Site "France"]
[Date "2004.01.18"]
[Round "6"]
[White "Pailhe, Lionel"]
[Black "Rodier, Arnaud"]
[Result "1-0"]
[WhiteElo "2065"]
[BlackElo "2074"]
[PlyCount "131"]
[EventDate "2003.10.??"]
[EventType "team"]
[EventRounds "11"]
[EventCountry "FRA"]
[SourceTitle "EXT 2005"]
[Source "ChessBase"]
[SourceDate "2004.11.15"]
[SourceVersion "1"]
[SourceVersionDate "2004.11.15"]
[SourceQuality "1"]

1. e4 e5 2. Nf3 Nc6 3. Bb5 Nf6 4. d3 d6 5. c3 Be7 6. Nbd2 0-0 7. Nf1 a6 8. Ba4 b5 9. Bb3 Na5 10. Bc2 c5 11. Ne3 Bb7 12. 0-0 Re8 13. Nf5 Bf8 14. Bg5 h6 15. Bh4 g6 16. Ne3 Bg7 17. Qd2 Qb8 18. Bxf6 Bxf6 19. Ng4 Bg7 20. Nxh6+ Kf8 21. Ng4 d5 22. Ng5 f6 23. Nf3 dxe4 24. dxe4 Nc4 25. Qc1 Qc8 26. Ne3 Nd6 27. Nd5 Bxd5 28. exd5 e4 29. Qf4 exf3 30. Qxd6+ Kg8 31. Bxg6 Qg4 32. Qg3 Qxg3 33. fxg3 fxg2 34. Kxg2 Re2+ 35. Rf2 Rxf2+ 36. Kxf2 Rd8 37. Bf5 Kf8 38. Be6 Ke7 39. h4 Kd6 40. Kf3 Rf8 41. a4 f5 42. axb5 axb5 43. Ra7 Bh6 44. Ra6+ Ke5 45. Rc6 Bc1 46. b3 Ba3 47. Rb6 b4 48. c4 Bb2 49. Rc6 Bd4 50. Bd7 Rf6 51. h5 Bc3 52. h6 Rf7 53. Be8 Re7 54. Bg6 Kd4 55. Re6 Ra7 56. Bxf5 Bd2 57. h7 Ra8 58. Rg6 Rf8 59. g4 Re8 60. Rg8 Re3+ 61. Kf2 Rxb3 62. h8Q+ Kxc4 63. d6 Be3+ 64. Ke2 Bd4 65. Be6+ Kc3 66. Qh3+ 1-0

[Event "FRA-chT2 0304"]
[Site "France"]
[Date "2004.01.17"]
[Round "5"]
[White "Pailhe, Lionel"]
[Black "Mietlicki, Richard"]
[Result "0-1"]
[WhiteElo "2065"]
[BlackElo "2127"]
[PlyCount "50"]
[EventDate "2003.10.??"]
[EventType "team"]
[EventRounds "11"]
[EventCountry "FRA"]
[SourceTitle "EXT 2005"]
[Source "ChessBase"]
[SourceDate "2004.11.15"]
[SourceVersion "1"]
[SourceVersionDate "2004.11.15"]
[SourceQuality "1"]

1. c4 Nf6 2. Nc3 d5 3. cxd5 Nxd5 4. g3 c5 5. Bg2 Nc7 6. d3 e5 7. Nf3 Nc6 8. Nd2 Bd7 9. 0-0 Be7 10. Nc4 0-0 11. Bxc6 Bxc6 12. Nxe5 Be8 13. Be3 Ne6 14. Rc1 Bf6 15. Nc4 Bc6 16. Ne4 Bd4 17. Qd2 f5 18. Nc3 b5 19. Bxd4 cxd4 20. Ne5 dxc3 21. Qe3 Qd5 22. Nxc6 Qxc6 23. Rxc3 Qd5 24. Rfc1 Rae8 25. a3 Nd4 0-1

[Event "FRA-chT2 0304"]
[Site "France"]
[Date "2003.11.16"]
[Round "3"]
[White "Pailhe, Lionel"]
[Black "Rabascall, Jacques"]
[Result "0-1"]
[WhiteElo "2065"]
[BlackElo "2093"]
[PlyCount "80"]
[EventDate "2003.10.??"]
[EventType "team"]
[EventRounds "11"]
[EventCountry "FRA"]
[SourceTitle "EXT 2005"]
[Source "ChessBase"]
[SourceDate "2004.11.15"]
[SourceVersion "1"]
[SourceVersionDate "2004.11.15"]
[SourceQuality "1"]
[WhiteTeam "Avoine"]
[BlackTeam "Bordeaux Echecs II"]
[WhiteTeamCountry "FRA"]
[BlackTeamCountry "FRA"]

1. c4 e6 2. Nf3 Nf6 3. g3 c6 4. Bg2 d5 5. b3 Nbd7 6. Bb2 Bc5 7. 0-0 0-0 8. d4 Bd6 9. Nc3 Re8 10. Qc2 a5 11. Rad1 Qe7 12. Rfe1 Bb4 13. Nd2 Qf8 14. Qc1 Rb8 15. a3 Bd6 16. e4 dxe4 17. Ndxe4 Bc7 18. Nxf6+ Nxf6 19. d5 cxd5 20. cxd5 Bd7 21. dxe6 Bxe6 22. Nb5 Bb6 23. Be5 Rbc8 24. Qb2 Red8 25. Bxb7 Rxd1 26. Rxd1 Rd8 27. Rc1 Ng4 28. Bd4 Bxd4 29. Nxd4 Qd6 30. Nxe6 Qxe6 31. Bg2 h5 32. h3 Ne5 33. Qe2 g6 34. Kh2 f6 35. f4 Ng4+ 36. hxg4 Qxe2 37. gxh5 Qxh5+ 38. Kg1 Rd2 39. Rc8+ Kf7 40. Rc7+ Ke6 0-1

[Event "FRA-chT2 0304"]
[Site "France"]
[Date "2003.10.12"]
[Round "1"]
[White "Imbert, Christophe"]
[Black "Pailhe, Lionel"]
[Result "1-0"]
[WhiteElo "2100"]
[BlackElo "2065"]
[PlyCount "99"]
[EventDate "2003.10.??"]
[EventType "team"]
[EventRounds "11"]
[EventCountry "FRA"]
[SourceTitle "EXT 2005"]
[Source "ChessBase"]
[SourceDate "2004.11.15"]
[SourceVersion "1"]
[SourceVersionDate "2004.11.15"]
[SourceQuality "1"]
[WhiteTeam "Le Vesinet"]
[BlackTeam "Avoine"]
[WhiteTeamCountry "FRA"]
[BlackTeamCountry "FRA"]

1. e4 c6 2. d4 d5 3. Nc3 dxe4 4. Nxe4 Bf5 5. Ng3 Bg6 6. Nf3 Nd7 7. Bc4 e6 8. Qe2 Ngf6 9. Bb3 Be7 10. 0-0 0-0 11. Re1 Re8 12. Kh1 c5 13. c3 Qb6 14. Ba4 Rad8 15. Be3 Qa5 16. Bb3 Bd6 17. Nd2 b5 18. a4 b4 19. Nc4 Qc7 20. Rad1 Bf8 21. a5 bxc3 22. bxc3 Nd5 23. Rc1 Nf4 24. Bxf4 Qxf4 25. Ba4 cxd4 26. cxd4 Re7 27. Qe3 Qxe3 28. fxe3 Nf6 29. Ne5 Rb7 30. Nc6 Rd5 31. e4 Rg5 32. Rb1 Rxb1 33. Rxb1 Nxe4 34. Rb8 f6 35. Ne7+ Kf7 36. Nxg6 Nxg3+ 37. hxg3 hxg6 38. Rb7+ Kg8 39. Rxa7 Bb4 40. a6 Bc3 41. Rd7 Ra5 42. Bc2 Kh7 43. a7 f5 44. Bb3 Be1 45. Kh2 Ra3 46. Rb7 Bf2 47. Bxe6 Bxd4 48. Rb4 Bf6 49. g4 f4 50. Rb3 1-0

[Event "FRA-chT2"]
[Site "France"]
[Date "2002.03.??"]
[Round "10.5"]
[White "Pailhe, Lionel"]
[Black "Crut, Aurelien"]
[Result "0-1"]
[WhiteElo "2154"]
[BlackElo "2302"]
[PlyCount "56"]
[EventDate "2002.??.??"]
[EventType "team"]
[EventRounds "11"]
[EventCountry "FRA"]
[SourceTitle "EXT 2003"]
[Source "ChessBase"]
[SourceDate "2002.11.25"]
[SourceVersion "1"]
[SourceVersionDate "2002.11.25"]
[SourceQuality "1"]

1. e4 e6 2. d4 d5 3. Nc3 Bb4 4. Nge2 Nf6 5. Bg5 dxe4 6. a3 Be7 7. Bxf6 Bxf6 8. Nxe4 Nc6 9. Nxf6+ Qxf6 10. Qd2 0-0 11. Qe3 b6 12. 0-0-0 Bb7 13. Nc3 Rad8 14. Ne4 Qg6 15. Bd3 f5 16. Ng5 Nxd4 17. c3 Nb3+ 18. Kc2 Nc5 19. Nxe6 Qxe6 20. Qxe6+ Nxe6 21. Bc4 Bc8 22. Rhe1 Kf7 23. Re5 Rxd1 24. Rxf5+ Ke7 25. Rxf8 Nxf8 26. Kxd1 Kd6 27. f4 Bb7 28. g3 Nd7 0-1

[Event "Avoine op 16th"]
[Site "Avoine"]
[Date "2001.??.??"]
[Round "4"]
[White "Olarasu, Gabriela"]
[Black "Pailhe, Lionel"]
[Result "1/2-1/2"]
[WhiteElo "2310"]
[BlackElo "2125"]
[PlyCount "102"]
[EventDate "2001.07.??"]
[EventType "swiss"]
[EventRounds "7"]
[EventCountry "FRA"]
[SourceTitle "EXT 2003"]
[Source "ChessBase"]
[SourceDate "2002.11.25"]
[SourceVersion "1"]
[SourceVersionDate "2002.11.25"]
[SourceQuality "1"]

1. Nf3 Nf6 2. c4 g6 3. Nc3 Bg7 4. e4 d6 5. d4 0-0 6. Be2 c5 7. 0-0 cxd4 8. Nxd4 Nc6 9. Be3 Bd7 10. Qd2 Nxd4 11. Bxd4 Bc6 12. f3 a5 13. b3 Nd7 14. Be3 Nc5 15. Rab1 f5 16. exf5 Rxf5 17. a3 a4 18. b4 Nb3 19. Qd3 Re5 20. Bf2 Bd7 21. g4 Qf8 22. Nd5 Rg5 23. Bg3 e6 24. f4 Rxd5 25. cxd5 Nd4 26. Qd2 Rc8 27. Bd3 Rc3 28. Kg2 Rxa3 29. b5 b6 30. Rb4 Nb3 31. Qe2 Qa8 32. Be4 exd5 33. Bf3 Nd4 34. Rxd4 Bxd4 35. Rd1 Re3 36. Qxe3 Bxe3 37. Bxd5+ Qxd5+ 38. Rxd5 Bc5 39. Rd1 Bxb5 40. Bf2 Bc6+ 41. Kg3 h5 42. Rc1 Bxf2+ 43. Kxf2 Bd7 44. Rc7 Bxg4 45. Rb7 a3 46. Rxb6 a2 47. Ra6 Be6 48. Ra7 Bf7 49. Ke3 Kg7 50. Ke4 Kf6 51. Ra5 Be6 1/2-1/2

[Event "Avoine op 16th"]
[Site "Avoine"]
[Date "2001.??.??"]
[Round "5"]
[White "Pailhe, Lionel"]
[Black "Calotescu, Ana Cristina"]
[Result "0-1"]
[WhiteElo "2125"]
[BlackElo "2280"]
[PlyCount "40"]
[EventDate "2001.07.??"]
[EventType "swiss"]
[EventRounds "7"]
[EventCountry "FRA"]
[SourceTitle "EXT 2003"]
[Source "ChessBase"]
[SourceDate "2002.11.25"]
[SourceVersion "1"]
[SourceVersionDate "2002.11.25"]
[SourceQuality "1"]

1. e4 c5 2. Nf3 d6 3. d4 Nf6 4. Nc3 cxd4 5. Nxd4 a6 6. f4 e5 7. Nf3 Qc7 8. Bd3 Be6 9. 0-0 Nbd7 10. Qe2 Rc8 11. Kh1 Be7 12. Be3 0-0 13. a4 Rfe8 14. Nd2 exf4 15. Bxf4 Ne5 16. Bxe5 dxe5 17. Qf3 Bb4 18. Ndb1 Bc5 19. Nd5 Bxd5 20. exd5 e4 0-1

[Event "Noisy le Grand op"]
[Site "Noisy le Grand"]
[Date "2000.04.22"]
[Round "2.5"]
[White "Pailhe, Lionel"]
[Black "Imbert, Gerard"]
[Result "1-0"]
[WhiteElo "2145"]
[BlackElo "1760"]
[PlyCount "95"]
[EventDate "2000.04.??"]
[EventType "swiss"]
[EventRounds "7"]
[EventCountry "FRA"]
[SourceTitle "EXT 2002"]
[Source "ChessBase"]
[SourceDate "2001.11.25"]
[SourceVersion "1"]
[SourceVersionDate "2001.11.25"]
[SourceQuality "1"]

1. e4 c5 2. Nf3 d6 3. d4 cxd4 4. Nxd4 a6 5. c4 Nf6 6. Nc3 e5 7. Nc2 Qc7 8. Bg5 Nbd7 9. Be2 h6 10. Bh4 g5 11. Bg3 Nc5 12. f3 Be6 13. Ne3 Bg7 14. Bf2 Ncd7 15. Rc1 Rc8 16. 0-0 0-0 17. Qd2 Rfd8 18. Rfd1 Bf8 19. h4 Qb8 20. hxg5 hxg5 21. Ned5 Nh7 22. Be3 f6 23. Kf2 Kg7 24. Rh1 Re8 25. Rh2 Be7 26. Rch1 Bg8 27. Bd1 b5 28. cxb5 axb5 29. Bb3 Ndf8 30. Rc1 Bd8 31. Rhh1 Ne6 32. Ne2 Nc5 33. Bc2 Qa8 34. b4 Ne6 35. Bb3 Nf4 36. Ng3 Nxd5 37. Nf5+ Kh8 38. Rxc8 Qxc8 39. Bxd5 Qb8 40. Bxg8 Rxg8 41. Nxd6 Bb6 42. Nf5 Rd8 43. Qc2 Rc8 44. Qb3 Bxe3+ 45. Nxe3 Qc7 46. Kg3 Kg7 47. Qe6 Nf8 48. Nf5+ 1-0